00601nam a2200121Ia 4500008004100000100003600041245009600077245018000173260004800353260001700401650002700418856003400445160809s9999 xx 000 0 und d ade Souza Pardo, Mario Henrique. 2aA Cloud Broker Approach with QOS Attendance and SOA for Hybrid Cloud Computing Environments cMário Henrique de Souza Pardo, Adriana Molina Centurion, Paulo Sérgio Franco Eustáquio, Regina Helena Carlucci Santana, Sarita Mazzini Bruschi and Marcos José Santana. bComputer Science and Information Technology cJanuary 2016 xINFORMATION TECHNOLOGY uhttp://airccse.org/V6N49.html